83 Babynamen der Woche 04/26 - Statistiken

Allgemein
  • Dieses Quiz wurde 6 mal gespielt
  • Das Durchschnittsergebnis liegt bei 29 aus 83
Antwortstatistiken
📍 Vorname % Korrekt
Be.j.m.n ♂️ Benjamin
100%
B.r.h..d ♂️ Bernhard
100%
D.n.e.a ♀️ Daniela
100%
E.i.s ♂️ Elias
100%
El.i | E.l.e ♀️ Elli | Ellie
100%
L.c.a ♀️ Lucia
100%
M.t..o ♂️ Matheo
100%
Am.l.e ♀️ Amalie
75%
A.g.l..a ♀️ Angelica
75%
C.l.n ♀️ Celin
75%
Em.l.o ♂️ Emilio
75%
F.y ♀️ Fay
75%
H.d.a ♀️ Hedda
75%
L.d.a ♀️ Lydia
75%
Ly.n ♀️ Lynn
75%
Ol.v.r ♂️ Oliver
75%
Pa.l ♂️ Paul
75%
Sa.a ♀️ Sara
75%
Vi.t.r.a ♀️ Victoria
75%
X.n.a ♀️ Xenia
75%
A.t.r ♂️ Artur
50%
C.l.e ♀️ Chloe
50%
C.s..a ♀️ Cosima
50%
D.a ♀️ Dua
50%
E.a ♀️ Eva
50%
Fa.k ♂️ Falk
50%
K.m.l ♂️ Kemal
50%
Le.n.e ♀️ Leonie
50%
L.n.s ♂️ Linus
50%
M.r.a..e ♀️ Marianne
50%
Ma.t.a ♀️ Martha
50%
Ma.t.n ♂️ Martin
50%
M.t..l.a ♀️ Mathilda
50%
M.a ♀️ Mia
50%
R.p.a.l ♂️ Raphael
50%
Ra.y..a ♀️ Rayyona
50%
Ti.l ♂️ Till
50%
Am.y.h ♀️ Amayah
25%
A.m.n ♂️ Arman
25%
A.g..t ♂️ August
25%
C.r..t.b.l ♀️ Christabel
25%
E.d.e ♂️ Eddie
25%
F.i.a ♀️ Frida
25%
H.m.a ♂️ Hamza
25%
J.s..a ♀️ Jesaja
25%
Le.n..d ♂️ Leonard
25%
Li.i ♀️ Lini
25%
Ma.d.l..a ♀️ Magdalena
25%
Ol.a ♀️ Olea
25%
P.m..a ♀️ Pamina
25%
Ti.a ♀️ Tina
25%
A.i.a ♀️ Aaira
0%
A.a.a ♀️ Alara
0%
Ar.a ♀️ Aria
0%
B.r.s.a ♀️ Berisha
0%
C.s.ti.l ♂️ Castiel
0%
Dr.n ♂️ Drin
0%
F.e.a ♀️ Freya
0%
F.e.d.s ♀️ Freydis
0%
H.l.i.e ♀️ Helmine
0%
I.a.a ♀️ Inara
0%
J.m.n ♂️ Jaman
0%
La.l ♂️ Lael
0%
Le.n.r.a ♀️ Leonarda
0%
Le.n..a ♀️ Leonisa
0%
Le.n..a ♀️ Leonita
0%
Lu.o ♂️ Ludo
0%
M.l..o ♂️ Malino
0%
Mu.t..a ♂️ Mustafa
0%
N.v..n ♂️ Naveen
0%
Ne.a ♀️ Neda
0%
N.v.l..e ♀️ Novalise
0%
O.h.n ♂️ Orhan
0%
Ru.a ♀️ Runa
0%
S.d.f ♀️ Sadaf
0%
St.f.n.s ♂️ Stefanos
0%
T.d..s ♂️ Tadeus
0%
Ta.m ♂️ Taim
0%
T.l.a ♀️ Tilda
0%
V.k.s ♂️ Vikas
0%
W.s.m ♂️ Wisam
0%
Yu.i ♀️ Yuki
0%
Zi.a ♀️ Ziva
0%
Keine übereinstimmenden Quizze gefunden
Verteilung der Resultate
Anzahl Personen mit jedem Resultat
Perzentil nach korrekt beantworteten Fragen
Ihre Resultats-Entwicklung
Sie haben dieses Quiz noch nicht gespielt